| 000 | 00574nam a22001697a 4500 | ||
|---|---|---|---|
| 999 |
_c58215 _d58215 |
||
| 003 | Ge_BSU | ||
| 005 | 20211111151549.0 | ||
| 008 | 210916s2020 ge ||||| |||| 00| 0 geo d | ||
| 041 | _ageo | ||
| 080 | _a342.4(479.22) ს-32 | ||
| 245 | _aსაქართველოს კონსტიტუცია. | ||
| 264 |
_aთბილისი, _c2020. |
||
| 300 |
_a134 გვ.; _b 22 სმ. |
||
| 546 | _aქართულ და აფხაზურ ენაზე | ||
| 653 | _aსაქართველოს კონსტიტუცია | ||
| 942 |
_2udc _cBK |
||